La Boheme.
Luciano Pavarotti and Mirella Freni's incomparable partnership as Rodolfo and Mimi, the tragic lovers in Puccini's much-loved bittersweet opera, is captured for posterity in this live recording from the San Francisco opera. Francesca Zambello's production boasts a superlative cast wit...
| Corporate Authors: | , |
|---|---|
| Format: | Video |
| Language: | English |
| Language Notes: | In English |
| Published: |
[San Francisco, California, USA] :
Arthaus Musik,
1988.
Kanopy Streaming, 2016. |
| Subjects: | |
| Online Access: | Connect to this streaming video |
MARC
| Tag | First Indicator | Second Indicator | Subfields |
|---|---|---|---|
| LEADER | 00000cgm a22000004a 4500 | ||
| 001 | in00003751985 | ||
| 006 | m o c | ||
| 007 | cr una---unuuu | ||
| 007 | vz uzazuu | ||
| 008 | 160825p20161988cau116 o vleng d | ||
| 005 | 20260324170833.9 | ||
| 028 | 5 | 2 | |a 1172590 |b Kanopy |
| 035 | |a (OCoLC)956904662 | ||
| 035 | |a (CaSfKAN)kan1172590 | ||
| 040 | |a VDU |b eng |c VDU |d UtOrBLW | ||
| 245 | 0 | 0 | |a La Boheme. |
| 264 | 1 | |b Arthaus Musik, |c 1988. | |
| 264 | 1 | |a [San Francisco, California, USA] : |b Kanopy Streaming, |c 2016. | |
| 300 | |a 1 online resource (streaming video file) (117 minutes): |b digital, .flv file, sound | ||
| 306 | |a 015640 | ||
| 336 | |a two-dimensional moving image |b tdi |2 rdacontent | ||
| 337 | |a computer |b c |2 rdamedia | ||
| 338 | |a online resource |b cr |2 carrier | ||
| 500 | |a Title from title frames. | ||
| 500 | |a Film | ||
| 518 | |a Originally produced by Arthaus Musik in 1988. | ||
| 520 | |a Luciano Pavarotti and Mirella Freni's incomparable partnership as Rodolfo and Mimi, the tragic lovers in Puccini's much-loved bittersweet opera, is captured for posterity in this live recording from the San Francisco opera. Francesca Zambello's production boasts a superlative cast with Gino Quilico as Marcello, Nicolai Ghiaurov as Colline, Stephen Dickson as Schaunard and Sandra Pacetti as Musetta. The Italian conductor Tiziano Severini drew critical acclaim for his passionate and spontaneous reading of the score.. | ||
| 538 | |a Mode of access: World Wide Web. | ||
| 546 | |a In English | ||
| 500 | |a Electronic resource. | ||
| 650 | 0 | |a Music. |0 http://id.loc.gov/authorities/subjects/sh85088762 | |
| 650 | 0 | |a Performance art. |0 http://id.loc.gov/authorities/subjects/sh85099809 | |
| 655 | 7 | |a Internet videos. |2 lcgft |0 http://id.loc.gov/authorities/genreForms/gf2011026337 | |
| 655 | 7 | |a Educational films. |2 lcgft |0 http://id.loc.gov/authorities/genreForms/gf2011026219 | |
| 710 | 2 | |a Arthaus Musik (Firm),$4dst. | |
| 710 | 2 | |a Kanopy (Firm),$4dst. | |
| 856 | 4 | 0 | |u http://proxy.library.tamu.edu/login?url=https://texasam.kanopystreaming.com/node/172591 |z Connect to this streaming video |t 0 |
| 999 | f | f | |s 8f5a48b6-2b86-36c3-96d8-d849ea4c2de8 |i 840d1300-d8a1-3684-ab13-8af72e80dbcd |t 0 |
| 952 | f | f | |a Texas A&M University |b College Station |c Electronic Resources |s www_evans |d Available Online |t 0 |h No information provided |
| 998 | f | f | |t 0 |l Available Online |